000
00222nam a2200097Ia 4500
008
230907s9999||||xx |||||||||||||| ||und||
082
_a
338.9
_b
LAN
245
0
_a
Macroeconomic policy :
300
_a
318 pages.
942
_c
BK
999
_c
599957
_d
599957